[Event "Pavlodar op"]
[Site "Pavlodar"]
[Date "2015.12.08"]
[Round "2"]
[White "Kozhamuratov, Marat"]
[Black "Mezentsev, Ivan"]
[Result "0-1"]
[WhiteElo "1797"]
[BlackElo "2117"]
[PlyCount "64"]
[EventDate "2015.12.07"]
[EventType "swiss"]
[EventRounds "10"]
[EventCountry "KAZ"]
[SourceTitle "EXT 2017"]
[Source "ChessBase"]
[SourceDate "2016.10.25"]
[SourceVersion "1"]
[SourceVersionDate "2016.10.25"]
[SourceQuality "1"]

1. d4 Nf6 2. c4 e6 3. Nc3 Bb4 4. Nf3 d5 5. Bg5 h6 6. Bxf6 Qxf6 7. e3 0-0 8. Bd3 Bxc3+ 9. bxc3 Nd7 10. cxd5 exd5 11. 0-0 Nb6 12. Ne5 Bf5 13. Qc2 Bxd3 14. Qxd3 Qe6 15. Rab1 Rfe8 16. h3 Rab8 17. Rfc1 f6 18. Nf3 Nc4 19. Nd2 b5 20. Nb3 Nd6 21. Nc5 Qf7 22. Rb3 a5 23. a4 bxa4 24. Rxb8 Rxb8 25. Nxa4 Qe8 26. Nc5 a4 27. f3 Rb2 28. e4 Nc4 29. Nxa4 Qxa4 30. exd5 Qa2 31. Qg6 Re2 32. h4 Ne3 0-1

[Event "Pavlodar op"]
[Site "Pavlodar"]
[Date "2015.12.07"]
[Round "1"]
[White "Khanin, Semen"]
[Black "Kozhamuratov, Marat"]
[Result "1-0"]
[WhiteElo "2377"]
[BlackElo "1797"]
[PlyCount "59"]
[EventDate "2015.12.07"]
[EventType "swiss"]
[EventRounds "10"]
[EventCountry "KAZ"]
[SourceTitle "EXT 2017"]
[Source "ChessBase"]
[SourceDate "2016.10.25"]
[SourceVersion "1"]
[SourceVersionDate "2016.10.25"]
[SourceQuality "1"]

1. e4 c5 2. Nf3 d6 3. d4 cxd4 4. Nxd4 Nf6 5. Nc3 g6 6. Be3 Bg7 7. f3 0-0 8. Qd2 Nc6 9. Bc4 Na5 10. Bb3 Bd7 11. Bh6 Rc8 12. Bxg7 Kxg7 13. h4 h5 14. 0-0-0 Nc4 15. Bxc4 Rxc4 16. Nd5 Nxd5 17. exd5 Ra4 18. Qc3 Kg8 19. a3 Qc8 20. Qe3 Re8 21. g4 hxg4 22. h5 Bf5 23. hxg6 fxg6 24. Qh6 Kf7 25. Rh2 gxf3 26. Nxf3 Rc4 27. Nd4 Rxd4 28. Rxd4 Qc5 29. Qh7+ Kf6 30. c3 1-0